| 000 -LEADER |
| fixed length control field |
01054nam a22002537a 4500 |
| 003 - CONTROL NUMBER IDENTIFIER |
| control field |
OSt |
| 005 - DATE AND TIME OF LATEST TRANSACTION |
| control field |
20251016091014.0 |
| 008 - FIXED-LENGTH DATA ELEMENTS--GENERAL INFORMATION |
| fixed length control field |
251016b ||||| |||| 00| 0 eng d |
| 020 ## - INTERNATIONAL STANDARD BOOK NUMBER |
| International Standard Book Number |
9781474927802 |
| Qualifying information |
book set |
| 040 ## - CATALOGING SOURCE |
| Transcribing agency |
KH8 |
| 082 ## - DEWEY DECIMAL CLASSIFICATION NUMBER |
| Classification number |
FIC DIC |
| 100 ## - MAIN ENTRY--PERSONAL NAME |
| Personal name |
Dickins, Rosie, |
| Relator term |
author. |
| 245 ## - TITLE STATEMENT |
| Title |
William Shakespeare / |
| Statement of responsibility, etc. |
Rosie Dickins and illustrated by Christa Unzner. |
| 260 ## - PUBLICATION, DISTRIBUTION, ETC. |
| Place of publication, distribution, etc. |
England ; |
| Name of publisher, distributor, etc. |
Usborne Publishing Ltd , |
| Date of publication, distribution, etc. |
2008. |
| 300 ## - PHYSICAL DESCRIPTION |
| Extent |
64 pages : |
| Other physical details |
colour illustrations ; |
| Dimensions |
20 cm. |
| 490 ## - SERIES STATEMENT |
| Series statement |
Usborne Young Reading |
| Volume/sequential designation |
series three |
| 500 ## - GENERAL NOTE |
| General note |
Includes index |
| 520 ## - SUMMARY, ETC. |
| Summary, etc. |
William dreams of acting and writing plays. This ambition takes him from the quiet country town of Stratford, where he grows up, to the great playhouses of London. His talents takes the city by storm. But how will he cope with jealous rivals, strict censorship, plague and plotting earls? |
| 650 ## - SUBJECT ADDED ENTRY--TOPICAL TERM |
| Topical term or geographic name entry element |
Easy reading |
| Form subdivision |
fiction |
| 650 ## - SUBJECT ADDED ENTRY--TOPICAL TERM |
| Topical term or geographic name entry element |
Story book |
| Form subdivision |
fiction |
| 700 ## - ADDED ENTRY--PERSONAL NAME |
| Personal name |
Unzner, Christa, |
| Relator term |
illustrator. |
| 830 ## - SERIES ADDED ENTRY--UNIFORM TITLE |
| Uniform title |
Usborne Young Reading |
| 942 ## - ADDED ENTRY ELEMENTS (KOHA) |
| Source of classification or shelving scheme |
|
| Koha item type |
Books - Fiction |